Statistics for Random History #10

Click here to take the quiz!

General Stats

  • This quiz has been taken 13 times
  • The average score is 11 of 14

Answer Stats

QuestionAnswer% Correct
What was the Roman architectural feat that transported water called?Aqueduct
100%
What was the direct cause of World War I?Assassination of Archduke Franz Ferdinand
100%
Which country colonized Brazil?Portugal
100%
Which trade route ran through much of Central Asia?Silk Road
100%
Which modern-day city was known as Edo?Tokyo
100%
Which Ethiopian Emperor is worshipped in Rastafarianism?Haile Selassie
91%
Which country's emperors are known as tenno?Japan
91%
The Toltecs were an ancient culture who were centered where?Mexico
82%
How many Punic Wars were there?3
73%
How many times was Julius Caesar allegedly stabbed?23
64%
The French name for Germany derives from which barbarian tribe?Alemanni
64%
Which city is the capital of Egypt, from which The Fatimid Caliphate ruled?Cairo
55%
How many people (total) are believed to have died in the Colosseum games?500,000
27%
What was a Roman dining room called?Triclinium
18%

Score Distribution

Percentile by Number Answered

Percent of People with Each Score

Your Score History

You have not taken this quiz